000 00628nam a2200205Ia 4500
005 20250508163809.0
008 008 250505s9999 xx 000 0 eng d
037 _aTextual
040 _aFEDL
_beng
_cFEDL
041 _aeng
_2eng
084 _a530, EHR
_qFEDL
100 _aEhrlich Robert
_9776382
245 0 _aWhy toast lands jelly-side down : Zen and the art of physics demonstrations
260 _aHyderabad, India
_bUniversities Press (India) Limited
_c1999
300 _a196p.
365 _aINR
_b140
546 _aAcc No. 087130 is RSPEE book
942 _cTEXL
_h530, EHR
999 _c1385301
_d1385301